Statistics for Harry potter and the Chamber of Secrets Quiz

Click here to take the quiz!

General Stats

  • This quiz has been taken 57 times
  • The average score is 10 of 15

Answer Stats

HintAnswer% Correct
What do Harry and Ron use get to Hogwarts?The Ford Anglia
96%
Who does Harry meet later in his bedroom?Dobby
92%
What was Hermione using to not look into the eyes of the Basilisk?A mirror
85%
Who tried (and failed) to help repair Harry's arm after he broke it?Gilderoy Lockhart
81%
Who warned Harry to stay away from the school?Dobby
79%
Who did the Basilisk kill years ago in the girls' bathroom?Moaning Myrtle
79%
Who did Tom Riddle's diary take?Ginny Weasley
77%
What do Harry and Ron follow into the Forbidden Forest to find the 'monster'?Spiders
73%
Who was the first to be petrified by the Basilisk?Mrs. Norris
67%
What is Voldemort's real name?Tom Marvolo Riddle
65%
What did Harry use to destroy the diary?A Basilisk fang
63%
Which ball in Quidditch was bewitched to attack Harry?A bludger
58%
What spell did Gilderoy Lockhart use to get away with stealing other witches and wizards' stories?Obliviate
58%
At the beginning of the story, who are Vernon and Harry arguing about?Hedwig
40%
How many points do Harry and Ron lose for exposing the flying car to muggles?None
27%

Score Distribution

Percentile by Number Answered

Percent of People with Each Score

Your Score History

You have not taken this quiz